Jazykové vzdělávání
Koľko jazykov vieš, toľkokrát si človekom. Kombinované štúdium šetrí náklady a zefektívni individuálnu výuku. Ako skedovať efektívnosť jazykovej výuky. Manažéri objavujú netradičné formy výuku jazykov. Učenie sa jazyka online má svoje výhody. Individuálna výuka cudzích jazykov má svoje pravidlá.
Salvato in:
| Natura: | Capitolo di libro |
|---|---|
| Lingua: | ceco |
| Soggetti: | |
| Tags: |
Nessun Tag, puoi essere il primo ad aggiungerne!!
|
MARC
| LEADER | 00000naa$a2200000$$$4500 | ||
|---|---|---|---|
| 001 | 0078843 | ||
| 005 | 20231019114308.1 | ||
| 041 | 0 | |a cze | |
| 044 | |a CZ | ||
| 245 | 1 | 0 | |a Jazykové vzdělávání |
| 520 | |a Koľko jazykov vieš, toľkokrát si človekom. Kombinované štúdium šetrí náklady a zefektívni individuálnu výuku. Ako skedovať efektívnosť jazykovej výuky. Manažéri objavujú netradičné formy výuku jazykov. Učenie sa jazyka online má svoje výhody. Individuálna výuka cudzích jazykov má svoje pravidlá. | ||
| 610 | 2 | 0 | |a vzdelávanie |
| 610 | 2 | 0 | |a jazyky cudzie |
| 610 | 2 | 0 | |a efektívnosť vzdelávania |
| 610 | 2 | 0 | |a vzdelávanie elektronické |